Can you name a Olivia Rodrigo song for each letter of the alphabet? - Statistics

General Stats
  • This quiz has been taken 66 times
    28 since last reset
  • The average score is 13 of 19
Answer Stats
Letter Songs % Correct
A all-american bitch | All I Want
95%
B bad idea right? | ballad of a homeschooled girl | The Best Part | Bizaardvark Theme Song | Blobfish | Breaking Free | brutal
95%
D deja vu | drivers license | drop dead
91%
G get him back! | girl i've always been | good 4 u | Granted | the grudge
91%
L lacy | Let It Glow | logical | love is embarrassing | Love the Haters
86%
S scared of my guitar | so american | Start of Something New | stranger
86%
T teenage dream | The Best Part | The Comeback Song | the grudge | The Rose Song | traitor
86%
H happier | hope ur ok
82%
C Can't Catch Me Now | The Comeback Song
77%
J jealousy, jealousy | Just for a Moment
64%
M making the bed
64%
O obsessed | Out of the Old
64%
P pretty isn't pretty
64%
V vampire
64%
E enough for you | Even When
59%
F favorite crime
50%
W What I've Been Looking For | Wondering
32%
I I Think I Kinda, You Know
27%
Y YAC Alma Mater
14%
No matching quizzes found
Score Distribution
Percent of People with Each Score
Percentile by Number Answered
Your Score History
You have not taken this quiz since the last reset